Свята Євангелія (Запис № 574512)

МАРК-запис
000 -Лідер
fixed length control field 00732nam a22002177a 4500
001 - Контрольний номер
control field 2162214035923836
003 - Ідентифікатор контрольного номера
control field UA-OsUOA
005 - Дата та час останнього входження (трансакції)
control field 20230703122239.0
008 - Елементи даних фіксованої довжини – загальна інформація
fixed length control field 230629b un ||||| |||| 00| 0 ukr d
040 ## - Джерело каталогізації
Агенція оригінальної каталогізації UA-OsUOA
Мова каталогізації ukr
Агенція, яка здійснювала перезапис UA-OsUOA
Агенція, яка здійснювала модифікацію UA-OsUOA
041 ## - Код мови
Код мови тексту/ звукової доріжки чи окремого заголовка (П) ukr
080 ## - Індекс Універсальної десяткової класифікації
Індекс Універсальної десяткової класифікації (УДК) (НП) 27-23
090 ## - Локальний шифр розміщення
Класифікаційний індекс УДК 27-23
Авторський знак (НП) С25
245 ## - Відомості про назву
Назва (НП) Свята Євангелія
Дані про відповідальність (НП)
260 ## - Публікація, розповсюдження і т.п. (Вихідні дані)
Місце публікації, розповсюдження і т.п. (П) Рим
Дата публікації, розповсюдження і т.п. (П) 1946
300 ## - Фізичний опис
Обсяг 510 с.
650 ## - Додаткове предметне введення – тематичний термін
Джерело заголовка чи терміна UDC
Тематичний термін чи географічна назва, як елемент введення (НП) 27-23 Священні тексти. Біблія: Старий Завіт, Новий Завіт
700 1# - Додаткове введення – ім'я особи
Ім’я особи (НП) Гліб Кінах
Термін відношення упоряд.
942 ## - Додаткові елементи входу (Коха)
Source of classification or shelving scheme Universal Decimal Classification
Тип елемента Koha Книги
Фонди
Стан вилучень Стан втрат Джерело класифікації або схеми стелажів Стан уражень Не для кредиту Постійне місце розташування Поточне розміщення Дата придбання Джерело придбання Інвентарний номер Усього замовленно Повний номер виклику Штрих-код Дата останнього перегляду Ціна ефективна від Тип елемента Koha
    Universal Decimal Classification     Наукова бібліотека ІДУД Наукова бібліотека ІДУД 29/06/2023 Акт надходжень №1/09.06.2023 (загальний) 2140409   27-23 С25 2140409 29/06/2023 29/06/2023 Книги